MDQL
is popping MORE tags! Check the
thread
!
Quizzes
Events
Quiz Creation
Community
Videos
Private Events
Remove Ads
Sign In
Join for FREE
Feedback
Dark Mode
Quiz Categories
Sports
Geography
Music
Movies
Television
Just For Fun
Miscellaneous
History
Literature
Language
Science
Gaming
Entertainment
Religion
Holiday
For Kids
Quiz Lab
Recent
Popular Today
Quiz Kudos Today
Editor Picks
Curator Picks
Quizzes by...
Day
Popularity
Type
Ratings
Length
Year
Community
Subscriptions
Recent Discussions
Orange Saloon
Badges
Playlists
Quests
Create
Leaderboards
Showdown
Live 5
Trivia Bingo
Activity
Puzzle Library
Sporcle Events
Private Events
Virtual Trivia
Globe League
Become a Host
Pub Owners
SporcleCon
Opinionation
Our Games
Videos
Blog
Mobile Apps
Partnerships
Remove Ads and Go Orange
Feedback
Sports
Athletes
MLB
NBA
NHL
NFL
Soccer
Sports Teams
WWE
NCAA
Football
Premier League
Basketball
Baseball
Hockey
Golf
Tennis
Cricket
Rugby
Auto Racing
Olympics
World Cup
Sports
Athletes
MLB
NBA
NHL
NFL
Soccer
Sports Teams
WWE
NCAA
Football
Premier League
Basketball
Baseball
Hockey
Golf
Tennis
Cricket
Rugby
Auto Racing
Olympics
World Cup
Random Quiz
Search Sporcle
×
Quiz Lab
Quiz Lab
Sports
Sports Teams
Type in answers that appear in a list
Type in answers that appear in a list
Classic
Best Score? Go Orange.
Liverpool FC Players since 2010 Stats
Can you name the Liverpool Players since 2010?
By
kt92
12m
119 Questions
560 Plays
560 Plays
560 Plays
Comments
Comments
Give Quiz Kudos
Give Quiz Kudos
-
- Ratings
hide this ad
Replay
Link that replays current quiz
Next Quiz
Link to next quiz in quiz playlist
You Got
0%
They Got
Avg Score
57%
Avg Friend Score
Upgrade to see
Score Distribution
Jump to the score distribution portion of the page
Score
0/119
Timer
12:00
0
Plays Today
Year
Player
% Correct
2010
Steven Gerrard
94.1%
2017/
18*
Mo Salah
93.4%
2010/
11
Luis Suarez
92.3%
2011/
12*
Jordan Henderson
92%
2016/
17*
Sadio Mane
91.3%
2017/
18*
Andrew Robertson
90.7%
2013/
14
Simon Mignolet
90.5%
2012/
13
Daniel Sturridge
89.8%
2015/
16*
Roberto Firmino
89.8%
2010
Martin Skrtel
88.6%
2015/
16*
James Milner
88.6%
2010
Pepe Reina
88.4%
2012/
13
Phillipe Coutinho
88.4%
2018/
19*
Fabinho
88.1%
2016/
17*
Trent Alexander-Arnold
88%
2018/
19*
Curtis Jones
87.7%
2014/
15*
Adam Lallana
87.7%
2014/
15
Alberto Moreno
87.3%
2010
Jamie Carragher
86.8%
2016/
17*
Loris Karius
86.7%
2011/
12
Raheem Sterling
86.4%
2015/
16*
Nathaniel Clyne
85.2%
2014/
15*
Dejan Lovren
85%
2016/
17*
Joel Matip
84.4%
2018/
19*
Naby Keita
84.3%
2016/
17*
Georginio Wijnaldum
84.2%
2018/
19*
Alisson Becker
83.8%
2010
Daniel Agger
83.6%
2010
Fernando Torres
82.3%
2010
Glen Johnson
81.6%
2014/
15*
Divock Origi
81.4%
2010/
11
Brad Jones
80.5%
2014/
15
Emre Can
80.4%
2010
Lucas Leiva
79.1%
2013/
14
Mamadou Sakho
78.9%
2010/
11
Andy Carroll
78.8%
2017/
18*
Virgil Van Dijk
78.6%
2010
Dirk Kuyt
77.7%
2015/
16
Christian Benteke
77.1%
2010
Jon Flanagan
75.7%
Year
Player
% Correct
2016/
17
Ragnar Klavan
73.6%
2014/
15
Rickie Lambert
73.2%
2017/
18*
Alex Oxlade Chamberlain
73.2%
2018/
19*
Xherdan Shaqiri
72.8%
2012/
13
Joe Allen
71.6%
2012/
13
Jordon Ibe
70.7%
2011/
12
Jose Enrique
70.2%
2016/
17*
Ben Woodburn
69.9%
2011/
12
Stewart Downing
69.8%
2019/
20*
Harvey Elliott
69%
2013/
14
Kolo Toure
68.9%
2015/
16
Danny Ings
68.6%
2014/
15
Mario Balotelli
68.2%
2013/
14
Brad Smith
68%
2010
Javier Mascherano
67.5%
2011/
12
Charlie Adam
67.3%
2017/
18
Dominic Solanke
66.9%
2016/
17*
Harry Wilson
66.6%
2018/
19*
Ki Jana Hoever
66.5%
2015/
16*
Joe Gomez
65.9%
2019/
20*
Adrian
65.8%
2010
Ryan Babel
62.3%
2015/
16*
Sheyi Ojo
61.6%
2014/
15
Lazar Markovic
61.4%
2010/
11
Joe Cole
61.3%
2010
Fabio Aurelio
60.4%
2015/
16
Danny Ward
59.1%
2015/
16
Adam Bogdan
58.6%
2010/
11
Paul Konchesky
57.9%
2019/
20*
Caoimhin Kelleher
57.8%
2010
Maxi Rodriguez
57.7%
2013/
14
Iago Aspas
57.7%
2010
David N'Gog
57.3%
2010/
11
Raul Meireles
56.8%
2016/
17*
Ovie Ejaria
56.7%
2019/
20*
Sepp Van Den Berg
56.7%
2015/
16
Kevin Stewart
56.3%
2011/
12
Craig Bellamy
55.7%
2010
Jay Spearing
55%
2010/
11
Danny Wilson
54.6%
Year
Player
% Correct
2012/
13
Fabio Borini
54.6%
2010/
11
Christian Poulsen
54.1%
2010/
11
Jonjo Shelvey
52.9%
2015/
16*
Marko Grujic
52.5%
2013/
14
Luis Alberto
52.3%
2011/
12
Doni
52.1%
2019/
20*
Herbie Kane
51.9%
2010
Alberto Aquilani
51.8%
2010
Yossi Benayoun
50.9%
2010
Martin Kelly
50.2%
2011/
12
Sebastian Coates
49.3%
2014/
15
Javier Manquillo
49.1%
2010/
11
Milan Jovanovic
48.4%
2013/
14
Victor Moses
48%
2012/
13
Jerome Sinclair
47.7%
2013/
14
Aly Cissokho
47.7%
2012/
13
Andre Wisdom
47.5%
2015/
16
Cameron Brannagan
47.3%
2015/
16
Connor Randall
47.3%
2015/
16
Ryan Kent
47.1%
2010
Albert Riera
47%
2012/
13
Suso
46.6%
2013/
14
Joao Carlos Teixeira
45.5%
2014/
15
Jordan Rossiter
45.5%
2013/
14
Tiago Ilori
45.4%
2012/
13
Nuri Sahin
44.5%
2015/
16*
Pedro Chirivella
43.9%
2010
Sotirios Kyrgiakos
43.8%
2010
Jack Robinson
43.6%
2010
Emilio Insua
43.6%
2015/
16
Steven Caulker
42.9%
2012/
13
Oussama Assaidi
40.7%
2014/
15
Jordan Williams
40.7%
2012/
13
Samid Yesil
38.2%
2015/
16
Sergi Canos
35.5%
2012/
13
Conor Coady
31.6%
2015/
16
Joe Maguire
29.5%
2012/
13
Adam Morgan
28.4%
2016/
17
Alex Manninger
26.9%
Quiz Playlist
Details
Report
Send in Message
Add To Playlist
Classic:
Type in answers that appear in a list
Last Updated: Sep 2, 2019
Quiz Scoreboard
CHALLENGE
Sign Up to Join the Scoreboard
Show All
Scores
Hide
Comments
May contain spoilers
Recently Published
Holiday 10x10 Sorting Gallery
by lukepisani3
Holiday
15m
Two Season TV Shows II
by 123Four
Television
10m
Image Sorting: Flags VI
by Barbecue
Geography
2m
More to Explore
Quiz From the Vault
Featured Blog Post
14 Easter Pick-up Lines to Find Eggs With
hide this ad
You Might Also Like...
Tags
Football Quiz
Premier League Quiz
Soccer Quiz
Sports Teams Quiz
English Football
Liverpool
Today's Top Quizzes in Sports
Browse Sports
hide this ad
Today's Top Quizzes in Sports Teams
Browse Sports Teams
Top Contributed Quizzes in Sports
1
Les meilleurs buteurs des matchs entre le PSG et l’OM
2
Les entraîneurs de l'OM et du PSG au 21e siècle
3
2022 World Cup Stars
4
Players with Multiple 50 Home Run Seasons
5
Les joueurs passés par le PSG et l'OM
6
FIFA Club World Cup Champions
7
Top 10 NHL Goal Scorers of All Time
8
Criteria MLB: Left Handed Sluggers
9
Les joueurs passés par le LOSC et le RC Lens
10
2023 MLB Unique Player Accomplishments
Explore More
Trending Topics
Marvel
Anime
Disney
NBA
Crossword
Kpop
Harry Potter
The Office
Pokémon
WWE
NFL
Soccer
Puzzle
Country
Song
hide this ad
More By:
kt92
Quiz
Plays
Rating
Category
Featured
Created
Liverpool FC Squad 16/17
732
Sports
Feb 11, 2017
Liverpool FC Players since 2010
560
Sports
May 30, 2016
Liverpool's Top Premier League Scorers
163
Sports
Aug 1, 2016
Liverpool 15/16 Squad
145
Sports
Jan 18, 2016
Most Watched British TV 2015
107
5.00
Television
Jul 19, 2016
Go to Creator's Profile
Score Distribution
Quiz Creator Spotlight
kt92
Follow
Send a Message
Quizzes Created
-
Created Quiz Play Count
-
More By This Creator
Popular Quizzes Today
1
Find the US States - No Outlines Minefield
2
Colored Red Africa Blitz
3
Find the 'City' Movie
4
The Countries of the World
5
Find the US States
6
5x2 Blitz: Bands
7
Find the Countries of Europe - No Outlines Minefield
8
US States
More Sports Quizzes
Breaking Meltzer's Scale
Quiz Lab
Trending Quizzes
Colored Red Europe Blitz I
Colored Red Europe Blitz II
Colored Red Africa Blitz II
Colored Red Europe Blitz III
Colored Red Africa Blitz III
Recently Updated
Odd Team Out - Big 4 Players
pecheneg
Quick Pick: 20 Twenties
pecheneg
March Madness Men's Triple Doubles
pecheneg
How Do You Spell That?
pecheneg
Godzilla Movies
pecheneg
Grab Bag: 4-10 Letters
pecheneg
2024 March Madness Bracket
pecheneg
Famous TV Couples
Peacemaker
Champions League XIs: Real Madrid
pecheneg
Largest US Cities 1790-2010
pecheneg
Trending Topics
Anime
Disney
Kpop
NBA
Harry Potter
Crossword
Marvel
Song
WWE
Puzzle
Soccer
Pokémon
Country
The Office
NFL
Your Account Isn't Verified!
In order to create a playlist on Sporcle, you need to verify the email address you used during registration. Go to your
Sporcle Settings
to finish the process.
Report this User
Report this user for behavior that violates our
Community Guidelines
.
Details:
Send Report
Go to the Sporcle.com Mobile Site →
Comments